000 00453nam a2200181Ia 4500
005 20250326125449.0
008 250326s9999 xx 000 0 und d
037 _aTextbook
040 _aFMSL
_beng
_cFMSL
041 _aeng
_2eng
084 _aY M0
_qFMSL
100 _aBrustein R
245 0 _aCritical moments
_cBrustein R
260 _aNY
_bNY, Randon House
_c1980
300 _a232p
942 _cTB
_hY M0
999 _c1278177
_d1278177